00469nam a22001217a 4500999001700000008004100017020001500058050002700073245008400100300001800184942001200202952013300214 c17007d17007180717b xxu||||| |||| 00| 0 eng d a1841136691 aKZ6795 b.I73 2008 c.1 aThe Iraq War and International Law cEdited by Phil Shiner and Andrew Williams  axxxiii, 352p. 2lcccBK 00102lcc70aKABUbKABUd2018-07-17g6450.00l4oKZ6795 .I73 2008 c.1p024742r2019-10-16 00:00:00s2019-10-12w2018-07-17yBK